000 01944 a2200181 4500
020 _a0814407935 (hardcover)
020 _a9780814407936 (hardcover)
082 0 4 _a658.4036
090 _c4332
_d4332
100 1 _aMaruska, Don.
245 1 0 _aHow great decisions get made :
_b10 easy steps for reaching agreement on even the toughest issues /
_cDon Maruska, Margaret J. Wheatley.
260 _a[S.l.] :
_bAMACOM,
_c2003.
300 _a208 p. ;
_c24 cm.
520 _aForeword by Meg Wheatley. All too often, solving tough work issues can become a tug of war as clashing departments, priorities, personality styles, and other concerns threaten to destroy any possibility of a successful conclusion. But by sharing hopes, and focusing on information rather than debate, the path to agreement can become wonderfully clear. How Great Decisions Get Made. shows how to bring out the best in people, so that the process of decision making cements groups together rather than pulling them apart. The book gives readers a simple 10-step process to help their people overcome seemingly intractable differences, paving the way for groups to: * Embrace a world view filled with the possibility of creating better results together * Shift their attention from the stale "What should we do?" to a fresh "How can we achieve what we really want?" attitude * Tap into who they are to define and articulate their hopes Readers looking for quick, exciting ways to energize their often contentious decision-making process will find all the help they need, from real-life scenarios showing the process in action to a self-assessment checklist. How Great Decisions Get Made provides the key to overcoming barriers, making people feel great about the work they do, and achieving extraordinary results.
700 1 _aWheatley, Margaret J.
856 4 0 _3Amazon.com
_uhttp://www.amazon.com/exec/obidos/ASIN/0814407935/chopaconline-20
942 _aNBS
_cBK
_k658.4036 MAR
999 _c346777
_d346777